Exportacin̤ efectiva

Detalles Bibliográficos
Autor principal: Sulser Valdž, Rosario Alejandra
Otros Autores: Pedroza Escandn̤, Jos ̌Enrique
Formato: eBook
Lenguaje:español
Publicado: Mx̌ico D.F. : Ediciones Fiscales ISEF, 2011
Materias:
Acceso en línea:http://www.vlex.com/source/10984

MARC

LEADER 00000nam a22000007a 4500
005 20130404185356.0
007 cr|||| ||||
008 130404e2011 mx |||||s|||| 00||0 spa d
020 |a 970-676-612-X 
035 |a 10984 
040 |a vLex 
090 |c 4123  |d 4123 
100 1 0 |a Sulser Valdž, Rosario Alejandra  
245 1 0 |a Exportacin̤ efectiva  |c / Rosario Alejandra Sulser Valdž, Jos ̌Enrique Pedroza Escandn̤   |h [Recurso electrn̤ico] 
256 |a Servicio en ln̕ea 
260 |a Mx̌ico D.F. :  |b Ediciones Fiscales ISEF,   |c 2011 
300 |a 1 Recurso electrn̤ico 
506 |a contenido solo disponible en los productos indicados  |d vLex Global  |d vLex Global (Academic Edition, excluding Law Schools)  |d vLex Global (U.S. Academic Edition, Law Schools)  |d vLex Global (U.S. Academic Edition, excluding Law Schools)  |d vLex Global (Academic Edition, Law Schools) 
650 0 4 |a Comercio internacional 
650 0 4 |a Economa̕  |z Mx̌ico 
700 1 0 |a Pedroza Escandn̤, Jos ̌Enrique  
740 |a vLex Libros (Servicio en ln̕ea) 
856 |a Acceso restringido  |u http://www.vlex.com/source/10984 
942 |c BOOK 
999 0 |a International trade